000 00472nam a2200169Ia 4500
999 _c25852
_d25852
003 OSt
005 20211030120231.0
008 190216s9999||||xx |||||||||||||| ||und||
040 _coclc
082 _a894.8128
_bPIL/N
100 _aPillai, N N
_96783
245 0 _aNadaka Darpanam /
_cN N Pillai
260 _bNational Book Stall,
_aKottayam:
_c1984.
300 _a277p
650 _aPadanam
942 _cBK
_2ddc
_h894.8128
_iPIL/N
_k894.8128
_mPIL/N